=LDR 00000nam 2200000 4500 =001 INLIS000000000010007 =005 20200302095441 =035 ##$$a 0010-061300000010007 =008 200302################g##########0#ind## =041 ##$$a Ind =082 ##$$a 153.430 4 =090 ##$$a 153.430 4, Tan i =100 ##$$a Tangkilisan, Hessel Nogi S =245 1#$$a Implementasi Kebijakan Publik, Drs. Hessel Nogi S. Tangkilisan M.Si /$c Drs. Hessel Nogi S. Tangkilisan M.Si =260 ##$$a Yogyakarta :$b Lukman Offset,$c 2003 =300 ##$$a vii, 174 hlm ; $c 15 x 24 cm =650 #4$$a Pertimbangan-Publik =850 ##$$a NBPNMAT =020 ##$$a 979-8515-17-X =084 ##$$a 153.430 4 TAN i =250 ##$$a Cet.1 =990 ##$$a 1038396 =990 ##$$a 1038395 =990 ##$$a 1038398